000 00343nam a2200133Ia 4500
008 231221s9999 xx 000 0 und d
020 _a978-0-387-23415-1
041 _aEnglish
100 _aBrian Subirana, Malcolm Bain
245 0 _aLegal Programming
260 _c2005
_bSpringer US
_aNew York
650 _aComputer Science
942 _cEB
999 _c217993
_d217993